000 00351nam a2200121 i 4500
001 bg
245 0 _aSystem budownictwa przemysłowego :
_bLHS-O "MOSTOSTAL" system konstrukcyjno-montażowy lekkich hal stalowych ocieplanych.
260 _aWarszawa,
_c1977.
040 _cBPK
041 _apol
942 _cKS
008 s pl f |000 0 pol
999 _c4951
_d4951
856 _uhttp://koha.tu.koszalin.pl/cgi-bin/koha/opac-detail.pl?biblionumber=4951
_yKatalog online BPK